000 00928nam a2200265 i 4500
001 68637
003 ES-MaACL
005 20250817024654.0
007 t|
008 931025s1868 sp ||||1| spa d
080 _a840-311.6"18"
100 1 _aGautier, Théophile,
_d1811-1872
_eaut
_9170960
245 1 0 _aHistoria de una momia /
_cpor Teófilo Gautier ; traducción de Cárlos Abaran
260 _aMadrid :
_bLibrería de Cuesta,
_c[1868]
_f(Imp. de José Noguera a cargo de Juan Iniesta)
300 _a254 páginas ;
_c18 cm
490 1 _aBiblioteca económica de instrucción y recreo
655 7 _aNovelas históricas
_2tgfbne
_9226782
700 1 _aAbaran, Cárlos
_etrl
_917967
830 0 _aBiblioteca económica de instrucción y recreo
_9182441
852 _aES-MaACL
_cSVI
_jD-1505
942 _2udc
_cMONANT
_n0
999 _c68637
_d68637